Cultura Geral - Statistics

Estatísticas Gerais
  • Esse quiz foi jogado 17 vezes
  • A pontuação média é 6 de 15
Estatísticas das Respostas
Hint Resposta % Correto
Em que país podemos encontrar a cidade de Kraków? Polónia
88%
Como se chamava o papa polaco? João Paulo II
81%
Em que país fica a cidade de Gotemburgo? Suécia
63%
Que mar fica no norte da Polónia? Báltico
50%
De que país a polenta é um alimento típico? Itália
50%
Em que país podemos encontrar a cidade de Aarhus? Dinamarca
38%
Quem canta a música "Hey Ya!"? Outkast
38%
O que é um Choripán? Pão
38%
De que país o Chipa soo é um prato típico? Paraguai
31%
De que país o Matambre é um prato típico? Argentina
25%
A Cheerios é uma marca de quê? Cereais
25%
Que nome damos a um restaurante que prepara e serve churrasco? Churrasqueira
19%
Que pianista polaco compôs "Minute Waltz"? Frédéric Chopin
19%
Como se diz pavimento em inglês? Pavement
19%
A que país pertence o Ararat? Arménia
13%
Nenhum quiz correspondente encontrado
Distribuição das Pontuações
Porcentagem de Pessoas com Cada Pontuação
Percentil de Números Respondidos
Sua Pontuação Histórica
Você não jogou esse quiz